Giáo trình quản lý hành chính Nhà nước Dùng cho lớp bồi dưỡng kiến thức quản lý hành chính nhà nước - Ngạch chuyên viên T. 1 Nhà nước và pháp luật

Tổ chức và hoạt động của bộ máy hành chính nhà nước. Quy chế làm việc của Chính phủ và uỷ ban nhân dân. Những vấn đề lí luận chung về pháp luật

Saved in:
Bibliographic Details
Format: Book
Language:Vietnamese
Published: H. Giáo dục 2000
Subjects:
Tags: Add Tag
No Tags, Be the first to tag this record!
Institutions: Mạng thư viện Đại học Đà Nẵng
LEADER 01469nam a2200349 4500
001 000007235
003 3396
005 20111101091106.0
008 110927s2000 viesd
020 |c 20000đ 
041 0 |a vie 
082 |a 351  |b Gia 
245 1 0 |a Giáo trình quản lý hành chính Nhà nước  |b Dùng cho lớp bồi dưỡng kiến thức quản lý hành chính nhà nước - Ngạch chuyên viên  |n T. 1  |p Nhà nước và pháp luật 
260 |a H.  |b Giáo dục  |c 2000 
300 |a 452 tr  |c 19 cm 
500 |a ĐTTS ghi: Học viện hành chính quốc gia 
520 |a Tổ chức và hoạt động của bộ máy hành chính nhà nước. Quy chế làm việc của Chính phủ và uỷ ban nhân dân. Những vấn đề lí luận chung về pháp luật 
653 |a Quản lí hành chính 
653 |a nhà nước 
653 |a giáo trình 
773 |t Giáo trình quản lý hành chính Nhà nước  |w 3389 
910 |a Nguyễn Thị Kim Oanh  |d 27/09/2011 
OWN |a LSP 
AVA |a UDN50  |b LSP  |d 351 Gia  |e available  |t Error 5001 Not defined in file expand_doc_bib_avail.  |f 2  |g 0  |h N  |i 0  |k 1 
999 |a From the UDN01 
AVA |a UDN50  |b LSP  |d 351 Gia  |e available  |t Error 5001 Not defined in file expand_doc_bib_avail.  |f 2  |g 0  |h N  |i 0  |k 1 
TYP |a Monograph 
TYP |a Printed language 
980 |a Mạng thư viện Đại học Đà Nẵng